000 01777nam a2200253Ia 4500
008 260220t1978||||xx |||||||||||||| ||spa||
020 _a840133117X
040 _aPY-SlUNAC
_bspa
_erda
041 _aspa
082 _a863
_bG527e
100 _aGironella, Jose Maria
_eAutor
245 0 _aEl escándalo de tierra santa /
_cpor Jose Maria Gironella [Autor]
264 _aBarcelona :
_bPlaza y Jones,
_c℗1978.
300 _a1 volumen
520 _aEn "El escándalo de Tierra Santa", José María Gironella aborda la compleja realidad de la región de Palestina, marcada por conflictos históricos, religiosos y políticos. A través de un enfoque narrativo y analítico, el autor explora las tensiones entre judíos y árabes, así como las implicaciones de la intervención internacional en la zona, destacando el papel de potencias como Estados Unidos y la Unión Soviética. Gironella presenta personajes que representan diferentes perspectivas y vivencias, lo que permite al lector comprender la profundidad del sufrimiento y la esperanza de los pueblos involucrados. La obra también reflexiona sobre la naturaleza del fanatismo y la búsqueda de identidad en un contexto de crisis. Al final, el autor invita a la empatía y a la búsqueda de soluciones pacíficas, subrayando la necesidad de un entendimiento mutuo en un escenario donde la historia y la fe influyen en las relaciones humanas. La narrativa de Gironella se convierte así en un llamado a la reflexión sobre la justicia y la paz en Tierra Santa.
653 _aConflictos armados
653 _aHistoria
653 _aReligión
942 _b2026/02/17
_cBK
999 _c9343
_d9343